| 000 | 00537nam a2200181 a 4500 | ||
|---|---|---|---|
| 005 | 20140310183247.0 | ||
| 008 | 040901s19uu xx 00 eng d | ||
| 020 | _a0877790426 | ||
| 050 |
_aPN 41 _b.M42 1995 |
||
| 100 | _aMerriam-Webster | ||
| 245 |
_aMerriam-Webster's encyclopedia of literature / _cMerriam-Webster. |
||
| 260 |
_aSpringfield, Mass : _bMerriam-Webster, Inc, _c1995. |
||
| 300 |
_a1236 p. : _c28 cm. |
||
| 650 |
_aLiterature _xDictionaries. |
||
| 650 | _aMerriam-Webster, Inc. | ||
| 942 |
_cBK _2lcc |
||
| 999 |
_c20706 _d20706 |
||